| 000 | 00732nam a2200205 a 4500 | ||
|---|---|---|---|
| 001 | 22855 | ||
| 003 | CO-ViMGA | ||
| 008 | 141112s2004 ck r 000 u spa d | ||
| 020 | _a8426713629 | ||
| 040 |
_aCO-ViMGA _bspa _cCO-ViMGA |
||
| 082 | 0 | 4 | _a658.28 C738p |
| 100 | 1 |
_aCreus Sole, Antonio _932740 |
|
| 245 | 1 | 0 |
_aFiabilidad y seguridad : _bsu aplicacion en procesos industriales |
| 260 |
_aEspaƱa : _bMarcombo |
||
| 300 | _a469p. | ||
| 505 | _aFunciones de distribucion de fallos, Fiabilidad de sistemas, Programas de distribuciones, Fiabilidad de sistemas electronicos, Fiabilidad del hardware | ||
| 650 | 1 | 4 |
_aPROCESOS DE MANUFACTURACION - AUTOMATIZACION _932741 |
| 650 | 1 | 4 |
_aSEGURIDAD INDUSTRIAL _951373 |
| 942 |
_2ddc _cBK |
||
| 999 |
_c31150 _d31150 |
||